000 00289nam a2200133Ia 4500
008 230312s9999||||xx |||||||||||||| ||und||
082 _a891.4
_bYOU-H
100 _aYounis, Dr. Muhammad
245 0 _aHawaaian
260 _bSangeMeel
300 _a114
650 _aLiterature
942 _cBK
999 _c8810
_d8810